| 000 | 00638nam a2200193Ia 4500 | ||
|---|---|---|---|
| 001 | 63174 | ||
| 008 | 190328n2018 ii |||gr||||Z||||||465 | ||
| 020 | _a9781787330672 | ||
| 082 | _a909.82 | ||
| 100 |
_aHarari, Yuval Noah, _eAuthor. |
||
| 245 | 0 |
_a21 Lessons for the 21st century _cby Yuval Noah Harari _hTextual Documents |
|
| 250 | _a1st ed. | ||
| 260 |
_aLondon _bJonathan Cape _c2018 |
||
| 300 |
_axv, 352p: _c21cm. |
||
| 653 | _aHistory | ||
| 653 | _aWorld history, war, terrorism, Liberty, equality, secularism, Lessons for the 21st century, 21 lessons, 21 Lessons for the 21st century | ||
| 653 | _aG-History | ||
| 942 |
_2ddc _cBK |
||
| 999 |
_c64280 _d64280 |
||